000 00607nam a2200277Ia 4500
001 Z_3342
003 CHAP
008 220113s1970 xx 000 0 und d
010 _a166452
040 _cCHAP
082 _a633.2 H43y
100 _aHeady, Harold F
_953238
245 _aLa explotación de pastizales de secano /
_cpor Harold F Heady
260 _aZaragoza :
_bAcribia,
_c1970
300 _a98 p.
440 _a
500 _a
503 _a
650 _aPastizales
_985916
901 _a633.2 H43y
902 _aA
910 _a1970
942 _c1
942 _cc1
999 _c166452
_d166452